000 00629cab a2200229 4500
001 ABS58775
008 090401t1998 xxu||||| |||| 00| 0 eng d
035 _a(Sirsi) u86517
041 _aeng
100 _aEvans, D.
245 _aWaste planning: the new sequential test
260 _c1998
350 _a0
490 _aWastes Management
_vMay 1998, 18-19(2)
520 _aLooks at how sequential testing is becoming an important part of waste planning.
650 _aPPG10
650 _aSEQUENTIAL TESTING
650 _aWASTE MANAGEMENT
690 _aPLANNING LAW AND PRACTICE
942 _n0
948 _c01/06/1998
999 _c54455
_d54455